Dưới mắt tôi phê bình văn học Việt Nam hiện đại
Nhất Linh, Khái Hưng, Nguyễn Công Hoan, Vũ Trọng Phụng, Lê Văn Trương, Trương Tửu, Thạch Lam, Lan Khai, Nguyễn Khắc Mẫn, Nguyên hồng, Song An Hoàng Ngọc Phách, Từ Ngọc
Αποθηκεύτηκε σε:
| Κύριος συγγραφέας: | |
|---|---|
| Μορφή: | Βιβλίο |
| Γλώσσα: | Vietnamese |
| Έκδοση: |
H.
Hội nhà văn
2016
|
| Σειρά: | Tủ sách phê bình văn học
|
| Θέματα: | |
| Ετικέτες: |
Προσθήκη ετικέτας
Δεν υπάρχουν, Καταχωρήστε ετικέτα πρώτοι!
|
| Thư viện lưu trữ: | Mạng thư viện Đại học Đà Nẵng |
|---|
| LEADER | 01323nam a2200325 4500 | ||
|---|---|---|---|
| 001 | 000025324 | ||
| 003 | 21817 | ||
| 005 | 20170926100944.0 | ||
| 008 | 170926s2016 viesd | ||
| 020 | |a 978-604-53-6441-3 |c 64000đ | ||
| 041 | 0 | |a vie | |
| 082 | 1 | 4 | |a 895.9223009 |b TR-C |
| 100 | 1 | |a Trương Chính |d 1916-2004 | |
| 245 | 1 | 0 | |a Dưới mắt tôi |b phê bình văn học Việt Nam hiện đại |c Trương Chính |
| 260 | |a H. |b Hội nhà văn |c 2016 | ||
| 300 | |a 164 tr. |c 21 cm. | ||
| 490 | |a Tủ sách phê bình văn học | ||
| 520 | 3 | |a Nhất Linh, Khái Hưng, Nguyễn Công Hoan, Vũ Trọng Phụng, Lê Văn Trương, Trương Tửu, Thạch Lam, Lan Khai, Nguyễn Khắc Mẫn, Nguyên hồng, Song An Hoàng Ngọc Phách, Từ Ngọc | |
| 650 | 0 | 4 | |a Văn học Việt Nam |x Phê bình |y 1930-1945 |
| 653 | |a Phê bình văn học | ||
| OWN | |a LSP | ||
| AVA | |a UDN50 |b LSP |d 895.9223009 TR-C |e available |t Error 5001 Not defined in file expand_doc_bib_avail. |f 3 |g 0 |h N |i 0 |k 1 | ||
| 999 | |a From the UDN01 | ||
| AVA | |a UDN50 |b LSP |d 895.9223009 TR-C |e available |t Error 5001 Not defined in file expand_doc_bib_avail. |f 3 |g 0 |h N |i 0 |k 1 | ||
| TYP | |a Monograph | ||
| TYP | |a Printed language | ||
| 980 | |a Mạng thư viện Đại học Đà Nẵng | ||


